
Library Catalogue

| 000 -LEADER | |
|---|---|
| fixed length control field | 01934cam a2200409 i 4500 |
| 001 - CONTROL NUMBER | |
| control field | 17947806 |
| 003 - CONTROL NUMBER IDENTIFIER | |
| control field | OSt |
| 005 - DATE AND TIME OF LATEST TRANSACTION | |
| control field | 20200905232356.0 |
| 008 - FIXED-LENGTH DATA ELEMENTS--GENERAL INFORMATION | |
| fixed length control field | 130130s2012 ii b 001 0beng |
| 010 ## - LIBRARY OF CONGRESS CONTROL NUMBER | |
| LC control number | 2013316148 |
| 020 ## - INTERNATIONAL STANDARD BOOK NUMBER | |
| International Standard Book Number | 9788184001303 |
| 025 ## - OVERSEAS ACQUISITION NUMBER | |
| Overseas acquisition number | I-E-2013-316148; 61-91 |
| 035 ## - SYSTEM CONTROL NUMBER | |
| System control number | (IN-NdUBS) 2013316148 |
| 037 ## - SOURCE OF ACQUISITION | |
| Source of stock number/acquisition | Library of Congress -- New Delhi Overseas Office |
| 040 ## - CATALOGING SOURCE | |
| Original cataloging agency | DLC |
| Language of cataloging | eng |
| Description conventions | rda |
| Transcribing agency | DLC |
| 042 ## - AUTHENTICATION CODE | |
| Authentication code | lcode |
| -- | pcc |
| 043 ## - GEOGRAPHIC AREA CODE | |
| Geographic area code | f-sa--- |
| -- | a-ii--- |
| 050 00 - LIBRARY OF CONGRESS CALL NUMBER | |
| Classification number | KNS110.G36 |
| Item number | D57 2012 |
| 082 ## - DEWEY DECIMAL CLASSIFICATION NUMBER | |
| Classification number | 340.092 DIS |
| 100 1# - MAIN ENTRY--PERSONAL NAME | |
| Personal name | DiSalvo, Charles R., |
| Dates associated with a name | 1948- |
| Relator term | author. |
| 245 14 - TITLE STATEMENT | |
| Title | The man before the Mahatma : |
| Remainder of title | M.K. Gandhi, attorney at law / |
| Statement of responsibility, etc. | Charles DiSalvo. |
| 264 #1 - PRODUCTION, PUBLICATION, DISTRIBUTION, MANUFACTURE, AND COPYRIGHT NOTICE | |
| Place of production, publication, distribution, manufacture | Noida : |
| Name of producer, publisher, distributor, manufacturer | Random House Publishers India, |
| Date of production, publication, distribution, manufacture, or copyright notice | 2012. |
| 300 ## - PHYSICAL DESCRIPTION | |
| Extent | xv, 456 pages ; |
| Dimensions | 24 cm |
| 336 ## - CONTENT TYPE | |
| Content type term | text |
| Content type code | txt |
| Source | rdacontent |
| 337 ## - MEDIA TYPE | |
| Media type term | unmediated |
| Media type code | n |
| Source | rdamedia |
| 338 ## - CARRIER TYPE | |
| Carrier type term | volume |
| Carrier type code | nc |
| Source | rdacarrier |
| 504 ## - BIBLIOGRAPHY, ETC. NOTE | |
| Bibliography, etc. note | Includes bibliographical references (pages 319-441) and index. |
| 505 ## - FORMATTED CONTENTS NOTE | |
| Formatted contents note | CONTENTS<br/>Introduction xi<br/>1 · Dispatched to London 1<br/>2 · The Barrister Who Couldn’t Speak 17<br/>3 · An Abundant and Regular Supply of Labour 31<br/>4 · Dada Abdulla’s White Elephant 36<br/>5 · Not a White Barrister 49<br/>6 · Formation Lessons 67<br/>7 · Waller’s Question 84<br/>8 · A Public Man 95<br/>9 · To Maritzburg 104<br/>10 · Moth and Flame 126<br/>11 · Sacrifice 138<br/>12 · Transition and the Transvaal 146<br/>13 · No Bed of Roses 159<br/>14 · Disobedience 180<br/>15 · Courthouse to Jailhouse 197<br/>16 · Malpractice 216<br/> |
| 600 11 - SUBJECT ADDED ENTRY--PERSONAL NAME | |
| Personal name | Gandhi, Mahatma, |
| Dates associated with a name | 1869-1948 |
| General subdivision | Career in law. |
| 650 #0 - SUBJECT ADDED ENTRY--TOPICAL TERM | |
| Topical term or geographic name entry element | Lawyers |
| Geographic subdivision | India |
| Form subdivision | Biography. |
| 650 #0 - SUBJECT ADDED ENTRY--TOPICAL TERM | |
| Topical term or geographic name entry element | East Indians |
| General subdivision | Legal status, laws, etc. |
| Geographic subdivision | South Africa |
| General subdivision | History. |
| 650 #0 - SUBJECT ADDED ENTRY--TOPICAL TERM | |
| Topical term or geographic name entry element | Civil disobedience |
| Geographic subdivision | India |
| General subdivision | History. |
| 651 #0 - SUBJECT ADDED ENTRY--GEOGRAPHIC NAME | |
| Geographic name | India |
| General subdivision | History |
| Chronological subdivision | Quit India movement, 1942. |
| 906 ## - LOCAL DATA ELEMENT F, LDF (RLIN) | |
| a | 7 |
| b | cbc |
| c | origode |
| d | 2 |
| e | ncip |
| f | 20 |
| g | y-gencatlg |
| 942 ## - ADDED ENTRY ELEMENTS (KOHA) | |
| Source of classification or shelving scheme | Dewey Decimal Classification |
| Koha item type | BOOKs |
| Withdrawn status | Lost status | Source of classification or shelving scheme | Materials specified (bound volume or other part) | Damaged status | Not for loan | Home library | Current library | Shelving location | Date acquired | Source of acquisition | Cost, normal purchase price | Total Checkouts | Full call number | Barcode | Date last seen | Price effective from | Koha item type |
|---|---|---|---|---|---|---|---|---|---|---|---|---|---|---|---|---|---|
| Dewey Decimal Classification | HB | . | . | Library Compactors | 21/01/2019 | Purchased | 599.00 | 340.092 DIS | 36922 | 21/01/2019 | 21/01/2019 | BOOKs |